=LDR 00000nam 2200000 4500 =001 INLIS000000000031294 =005 20130612133355 =008 ***********************************ind** =035 ##$$0010-061300000031294 =041 ##$$a ind =082 ##$$a 616. 132 =090 ##$$a 616. 132 , Ban t =100 ##$$a Bangunan, A.P =245 ##$$a Trapi jus dan ramuan tradisipnal untuk Hiperlensi, A.P. Bangunan; penyunting, Mulyono =260 ##$$a 2002 $b Jakarta =300 ##$$a vi, 57 hlm. , ilus. , 23,5 cm =650 ##$$a Hipertensi =700 ##$$a Mulyono =850 ##$$a NBPNMAT =990 ##$$a 0001/BPAP-NTB/2016 =990 ##$$a 0001/BPAP-NTB/2016